| 000 | 01009nam a22002537a 4500 | ||
|---|---|---|---|
| 005 | 20100814142319.0 | ||
| 008 | 090109t xxu||||| |||| 00| 0urd d | ||
| 010 | _a UR-7726 | ||
| 020 |
_c180.00 _a8185738383 |
||
| 035 | _aU-6281 | ||
| 040 |
_adpl _burd |
||
| 082 | _a004 | ||
| 100 |
_912785 _aمحمّد منیر قریشی |
||
| 245 |
_aکمپیوٹرایج معہ کمپیوٹرڈکشنری / _cمحمّد منیر قریشی |
||
| 246 |
_aComputer Age With Computer Dictionary / _bby Mohd. Munir Qureshi |
||
| 260 |
_aدہلی _c2006 _bکتاب والا |
||
| 270 |
_bDelhi _a2794, Gali Jhot Wali, Pahari Bhojla _e110006 _k23281499, 23240379 |
||
| 300 |
_a198 ص _c22 س م (Hb) |
||
| 650 |
_2critisim _912786 |
||
| 700 | _913088 | ||
| 942 |
_2ddc _cUR _h004 _mم ن ی |
||
| 999 |
_c41917 _d41917 |
||